00526nam a22001817a 450000500170000001000150001702000260003203500140005803700090007208200090008110000170009024500890010725000060019626000380020227000540024030000200029470000300031420260529113454.0 aENG-148632 a9789354423178c740.00 aEN-132164 bDBAD aS21 aGharai, Anil aThe Almond Flowers and Other Stories/cAnil Gharai [and] Edited by Indranil Acharya  a1 aTelanganabOrient BlackSwanc2022 a3-6-752 Himanyanagar HyderabadbTelanganae500029 a195p.c21cm(pb) aIndranil Acharya eEditor